000 00729nam a2200289Ia 4500
005 20260324111247.0
008 008 260324s9999 xx 000 0 eng d
020 _a9781032713496
037 _aEBOOK
040 _aCRL
040 _beng
040 _cCRL
041 _2eng
041 _aeng
084 _qCRL
100 _aGreg William Misiaszek
_91137818
245 0 _aEcopedagogy and the Global Environmental Citizen
245 0 _bCritical Issues, Trends, Challenges and Possibilities
260 _bTaylor and Francis
260 _c2025
365 _a
365 _b230
856 _uhttp://www.taylorfrancis.com/books/9781032713496
942 _cEBOOK
999 _c1726579
_d1726579